000 00278nam a22001217a 4500
008 171201b xxu||||| |||| 00| 0 eng d
041 _aeng
080 _a316
100 _a50
101 _asoc
245 _aMAIN CURRENTS IN SOCIOLOGICAL THOUGHT II
_cDURKHEIM
942 _2udc
_cBK
999 _c38682
_d38682